000 00441nam a2200169 i 4500
001 49373
005 20230410143127.0
008 071109b1976 ko a 000 0 eng
040 _aDRFGD
_spa
041 0 _aeng
050 1 4 _abE17 1976
245 0 0 _aEconomic development plan:
_b1977-1981.
260 _aSeoul :
_bGevernment of the republic of korea,
_c1976
300 _a183 p. :
_bill. ;
_c24 cm.
942 _2lcc
_cbk
946 _aLspaulino
999 _c96208
_d96208